书目信息 |
| 题名: |
这正常吗?
|
|
| 作者: | 姜秋月 著 ;唐光雨 绘 | |
| 分册: | ||
| 出版信息: | 北京 北京理工大学出版社有限责任公司 2018.12 |
|
| 页数: | 191页 | |
| 开本: | 24cm | |
| 丛书名: | ||
| 单 册: | ||
| 中图分类: | G479.2 | |
| 科图分类: | ||
| 主题词: | 女性--青春期卫生--健康教育 | |
| 电子资源: | ||
| ISBN: | 978-7-5682-6459-4 | |
| 000 | 01358nam0 2200265 450 | |
| 001 | 0103152647 | |
| 005 | 20201103152730.0 | |
| 010 | @a978-7-5682-6459-4@dCNY39.80 | |
| 100 | @a20190508d2018 em y0chiy50 ea | |
| 101 | 0 | @achi |
| 102 | @aCN@b110000 | |
| 105 | @aa z 000yy | |
| 106 | @ar | |
| 200 | 1 | @a这正常吗?@Azhe zheng chang ma?@e女孩成长关键期的160个生理困惑@f姜秋月著@g唐光雨绘 |
| 210 | @a北京@c北京理工大学出版社有限责任公司@d2018.12 | |
| 215 | @a191页@c图@d24cm | |
| 314 | @a唐光雨,男,湖南美术家协会会员、湖南漫画艺术委员会委员,长沙南方职业学院影视动画专业教研室主任。 | |
| 330 | @a做为母亲的你是否准备好了如何给女儿上这堂最初的生理课?她的身体开始发育了吗?这是写给每一个刚刚或已进入发育期的女孩的书,为你们揭开身体成长小秘密,解答发育期的生理小困惑,涉及日常保健,月经常识和生理周期,学会科学的经期护理。解读女孩的秘密心事,生理心理双重呵护!疑难解答悦已锦囊,让你学会爱护自己呵护身体!本书用专业的知识,唯美人画面,活泼的表达出来。让女孩轻松的预知和应对自己的身体变化,从而不再感到担忧!解决了现代母亲的一大难题。 | |
| 517 | 1 | @a女孩成长关键期的160个生理困惑@Anv hai cheng zhang guan jian qi de 160 ge sheng li kun huo |
| 606 | 0 | @a女性@x青春期卫生@x健康教育 |
| 690 | @aG479.2@v5 | |
| 701 | 0 | @a姜秋月@Ajiang qiu yue@4著 |
| 702 | 0 | @a唐光雨@ATang Guang Yu@4绘 |
| 801 | 0 | @aCN@bBJSZM@c20201103 |
| 905 | @b1255901-5@dG479.2@e227@f5 | |
| 这正常吗?:女孩成长关键期的160个生理困惑/姜秋月著/唐光雨绘.-北京:北京理工大学出版社有限责任公司,2018.12 |
| 191页:图;24cm |
| ISBN 978-7-5682-6459-4:CNY39.80 |
| 做为母亲的你是否准备好了如何给女儿上这堂最初的生理课?她的身体开始发育了吗?这是写给每一个刚刚或已进入发育期的女孩的书,为你们揭开身体成长小秘密,解答发育期的生理小困惑,涉及日常保健,月经常识和生理周期,学会科学的经期护理。解读女孩的秘密心事,生理心理双重呵护!疑难解答悦已锦囊,让你学会爱护自己呵护身体!本书用专业的知识,唯美人画面,活泼的表达出来。让女孩轻松的预知和应对自己的身体变化,从而不再感到担忧!解决了现代母亲的一大难题。 |
| ● |
| 相关链接 |
|
|
|
|
正题名:这正常吗?
索取号:G479.2/227
 
预约/预借
| 序号 | 登录号 | 条形码 | 馆藏地/架位号 | 状态 | 备注 |
| 1 | 1255901 | 212559015 | 第一样本阅览室/ [索取号:G479.2/227] | 在馆 | |
| 2 | 1255902 | 212559024 | 教育系资料室/ [索取号:G479.2/227] | 在馆 | |
| 3 | 1255903 | 212559033 | 教育系资料室/ [索取号:G479.2/227] | 在馆 | |
| 4 | 1255904 | 212559042 | 第四借阅区/ [索取号:G479.2/227] | 在馆 | |
| 5 | 1255905 | 212559051 | 第四借阅区/ [索取号:G479.2/227] | 在馆 |